| 000 | 00601nam a2200229Ia 4500 | ||
|---|---|---|---|
| 003 | OSt | ||
| 005 | 20221002051038.0 | ||
| 006 | a|||||r|||| 00| 0 | ||
| 007 | ta | ||
| 008 | 220930b |||||||| |||| 00| 0 eng d | ||
| 024 | _a22116 | ||
| 037 | _cReference Collections | ||
| 040 |
_aCRL _cCRL _beng |
||
| 041 |
_2eng _aeng |
||
| 082 | _aNvN19k, L8 ( RR ) | ||
| 245 | 0 | _aPhaidon encyclopedia of surrealism | |
| 260 |
_aOxford _bPhaidon _c1978 |
||
| 300 |
_a288p _ccm. |
||
| 650 | _aARTS | ||
| 942 |
_hNvN19k, L8 ( RR ) _cref _2CC |
||
| 999 |
_c915889 _d915889 |
||